[Event "Hamburg Easter op"]
[Site "Hamburg"]
[Date "2023.04.08"]
[Round "4"]
[White "Keyser, Robin"]
[Black "Spiric, Igor"]
[Result "0-1"]
[WhiteElo "2144"]
[BlackElo "2259"]
[PlyCount "50"]
[EventDate "2023.04.07"]
[EventType "swiss"]
[EventRounds "7"]
[EventCountry "GER"]
[SourceTitle "EXT 2024"]
[Source "ChessBase"]
[SourceDate "2023.10.10"]
[SourceVersion "1"]
[SourceVersionDate "2023.10.10"]
[SourceQuality "1"]

1. d4 b6 2. Nf3 e6 3. c4 Bb7 4. g3 Nf6 5. Bg2 Bb4+ 6. Bd2 Bxd2+ 7. Qxd2 d6 8. Nc3 Nbd7 9. 0-0 Ne4 10. Nxe4 Bxe4 11. Qf4 Nf6 12. Rfe1 Qe7 13. Rac1 Rd8 14. c5 0-0 15. cxd6 cxd6 16. Nd2 e5 17. dxe5 dxe5 18. Qh4 Bxg2 19. Kxg2 Rd4 20. Qg5 Qd7 21. Rc2 Qd5+ 22. f3 h6 23. Qf5 Ng4 24. e4 Ne3+ 25. Kh3 Qd8 0-1

[Event "Hamburg Easter op"]
[Site "Hamburg"]
[Date "2023.04.08"]
[Round "3"]
[White "Klaas, Heiko"]
[Black "Keyser, Robin"]
[Result "0-1"]
[WhiteElo "1965"]
[BlackElo "2144"]
[PlyCount "80"]
[EventDate "2023.04.07"]
[EventType "swiss"]
[EventRounds "7"]
[EventCountry "GER"]
[SourceTitle "EXT 2024"]
[Source "ChessBase"]
[SourceDate "2023.10.10"]
[SourceVersion "1"]
[SourceVersionDate "2023.10.10"]
[SourceQuality "1"]

1. e4 d6 2. d4 Nf6 3. Nc3 g6 4. Bc4 Bg7 5. Nf3 0-0 6. 0-0 Nxe4 7. Nxe4 d5 8. Bd3 dxe4 9. Bxe4 Nd7 10. c3 c5 11. Be3 Nf6 12. Bc2 cxd4 13. Bxd4 b6 14. Re1 Bb7 15. Qe2 e6 16. Rad1 Qe7 17. Be5 Rfd8 18. Bb3 Qc5 19. Bxe6 Re8 20. Bh3 Nh5 21. b4 Qe7 22. Rd7 Bxf3 23. Qxf3 Qf8 24. g4 Bxe5 25. gxh5 Bxh2+ 26. Kf1 Rxe1+ 27. Kxe1 a5 28. hxg6 hxg6 29. Kf1 Rd8 30. Rb7 axb4 31. Be6 fxe6 32. Qh3 Qf6 33. Qxh2 bxc3 34. Qc7 Rd1+ 35. Kg2 Qg5+ 36. Kf3 Rd3+ 37. Ke2 Qd2+ 38. Kf1 Qd1+ 39. Kg2 Qg4+ 40. Kf1 Rd1# 0-1

[Event "Hamburg HSK Christmas op"]
[Site "Hamburg"]
[Date "2022.12.28"]
[Round "3"]
[White "Keyser, Robin"]
[Black "Ertan, Can"]
[Result "0-1"]
[WhiteElo "2117"]
[BlackElo "2352"]
[PlyCount "92"]
[EventDate "2022.12.27"]
[EventType "swiss"]
[EventRounds "7"]
[EventCountry "GER"]
[SourceTitle "EXT 2024"]
[Source "ChessBase"]
[SourceDate "2023.10.10"]
[SourceVersion "1"]
[SourceVersionDate "2023.10.10"]
[SourceQuality "1"]

1. d4 Nf6 2. c4 e6 3. g3 d5 4. Nf3 dxc4 5. Bg2 c5 6. 0-0 Nc6 7. dxc5 Qxd1 8. Rxd1 Bxc5 9. Nbd2 c3 10. bxc3 Bd7 11. Rb1 0-0-0 12. Nb3 Bb6 13. Nbd4 Ne4 14. Bb2 Rhe8 15. Nd2 Nd6 16. Ba3 e5 17. Bxd6 exd4 18. Rxb6 dxc3 19. Nc4 Rxe2 20. Bf4 Be6 21. Rxd8+ Kxd8 22. Rb1 Bxc4 23. Rd1+ Ke7 24. Bf1 c2 25. Rc1 Nd4 26. Be3 Nf3+ 27. Kg2 Ne1+ 28. Kg1 Nf3+ 29. Kg2 Rxe3 30. fxe3 Nd2 31. Bxc4 Nxc4 32. Kf3 Na3 33. Ke4 b5 34. Kd5 a5 35. Kc5 b4 36. h3 Ke6 37. Kd4 Kd6 38. Kd3 h5 39. Kd2 a4 40. Rf1 Nc4+ 41. Kc1 b3 42. axb3 axb3 43. e4 Kc5 44. Rxf7 Ne5 45. Rf5 Kd4 46. Kd2 Nd3 0-1

[Event "Hamburg HSK Christmas op"]
[Site "Hamburg"]
[Date "2022.12.28"]
[Round "4"]
[White "Perschk, Bendix"]
[Black "Keyser, Robin"]
[Result "0-1"]
[WhiteElo "1686"]
[BlackElo "2117"]
[PlyCount "70"]
[EventDate "2022.12.27"]
[EventType "swiss"]
[EventRounds "7"]
[EventCountry "GER"]
[SourceTitle "EXT 2024"]
[Source "ChessBase"]
[SourceDate "2023.10.10"]
[SourceVersion "1"]
[SourceVersionDate "2023.10.10"]
[SourceQuality "1"]

1. Nc3 d5 2. e4 e6 3. Nf3 Nf6 4. exd5 exd5 5. d4 Bb4 6. Bd3 0-0 7. h3 Ne4 8. Bd2 Nxd2 9. Qxd2 Re8+ 10. Be2 Qe7 11. a3 Bxc3 12. bxc3 Bf5 13. Kf1 Nd7 14. Bd3 Qf6 15. Qg5 Bxd3+ 16. cxd3 Qa6 17. Qd2 Re7 18. g4 Rae8 19. Kg2 Nf8 20. Rhe1 Ne6 21. Re5 Qd6 22. c4 f6 23. c5 Qd7 24. Ree1 c6 25. Rh1 Qc7 26. Rae1 Nf4+ 27. Kf1 Re2 28. Rxe2 Rxe2 29. Qd1 Qa5 30. Ng1 Qd2 31. Qxd2 Rxd2 32. Ke1 Rxd3 33. Ne2 Rxa3 34. Rh2 Ra1+ 35. Kd2 Ra2+ 0-1

[Event "Hamburg-chT Landesliga 1920"]
[Site "Hamburg"]
[Date "2021.08.21"]
[Round "8.16"]
[White "Keyser, Robin"]
[Black "Garner, Isaac"]
[Result "0-1"]
[WhiteElo "2070"]
[BlackElo "2120"]
[PlyCount "66"]
[EventDate "2019.09.29"]
[EventType "team-tourn"]
[EventRounds "9"]
[EventCountry "GER"]
[SourceTitle "EXT 2023"]
[Source "ChessBase"]
[SourceDate "2022.10.05"]
[SourceVersion "1"]
[SourceVersionDate "2022.10.05"]
[SourceQuality "1"]
[WhiteTeam "Johanneum Eppendorf"]
[BlackTeam "Hamburger SK IV"]
[WhiteTeamCountry "GER"]
[BlackTeamCountry "GER"]

1. d4 d5 2. c4 e6 3. Nf3 Nf6 4. g3 Be7 5. Bg2 0-0 6. Qc2 c5 7. dxc5 Qa5+ 8. Bd2 Qxc5 9. 0-0 Nc6 10. Na3 d4 11. Rab1 Qh5 12. Nb5 e5 13. Ng5 h6 14. Bf3 Bg4 15. Bxg4 Qxg4 16. f3 Qd7 17. Ne4 Nxe4 18. Qxe4 Rfd8 19. f4 a6 20. Na3 f5 21. Qd5+ Qxd5 22. cxd5 Rxd5 23. Nc4 Rf8 24. Nb6 Rdd8 25. fxe5 Bc5 26. Nc4 b5 27. Nd6 d3+ 28. e3 Nxe5 29. Nb7 Nc4 30. Nxc5 Nxd2 31. Ne6 Nxb1 32. Rxb1 Rc8 33. Nxf8 d2 0-1

[Event "GER-chT Christmas U20"]
[Site "Playchess.com INT"]
[Date "2020.12.29"]
[Round "2.1"]
[White "Keyser, Robin"]
[Black "Suvorov, Alexander David"]
[Result "0-1"]
[WhiteElo "2070"]
[BlackElo "2353"]
[PlyCount "150"]
[EventDate "2020.12.29"]
[EventType "team-swiss (blitz)"]
[EventRounds "7"]
[EventCountry "GER"]
[SourceTitle "CBM 200 Extra"]
[Source "ChessBase"]
[SourceDate "2021.03.31"]
[SourceVersion "1"]
[SourceVersionDate "2021.03.31"]
[SourceQuality "1"]
[WhiteTeam "Eppendorf Johanneum"]
[BlackTeam "Koeln Porz"]
[WhiteTeamCountry "GER"]
[BlackTeamCountry "GER"]

1. d4 Nf6 2. c4 e6 3. g3 d5 4. Nf3 dxc4 5. Bg2 Nc6 6. 0-0 Rb8 7. Qc2 b5 8. b3 Nb4 9. Qb2 Bb7 10. Nc3 a6 11. Rd1 Be7 12. bxc4 bxc4 13. Bf4 0-0 14. Na4 Bd5 15. Qc1 a5 16. Nb2 c3 17. Qxc3 Nxa2 18. Qc2 Bd6 19. Nd3 Bb3 20. Qd2 Bxd1 21. Rxa2 Bb3 22. Rxa5 Bd5 23. Nfe5 Rb1+ 24. Bf1 Ne4 25. Qc2 Rb8 26. Nc6 Bxc6 27. Qxc6 Nf6 28. Ne5 Rb1 29. Qc2 Qb8 30. Kg2 Qb4 31. Bd2 Qb2 32. Qd3 Rd1 33. Nc4 Qb7+ 34. f3 Bb4 35. Qb3 Rxd2 36. Nxd2 Rb8 37. Ra2 Qd5 38. Qxd5 Nxd5 39. Nc4 Be7 40. Ne5 Bf8 41. Kf2 g6 42. Nd7 Rd8 43. Nxf8 Kxf8 44. Ra7 f5 45. e4 fxe4 46. fxe4 Nf6 47. Rxc7 Rxd4 48. Bg2 Rd2+ 49. Kf3 e5 50. Rc8+ Kg7 51. Rc7+ Kh6 52. Rc6 Kg7 53. Rc7+ Rd7 54. Rc5 Re7 55. Bh3 h5 56. Bc8 Rf7 57. Ke3 Re7 58. Bh3 Nh7 59. Bg2 Ng5 60. h4 Nf7 61. Bh3 Kf6 62. Rc6+ Kg7 63. Rb6 Rc7 64. Rb3 Nd6 65. Rd3 Nc4+ 66. Kf3 Rf7+ 67. Ke2 Rf6 68. Rc3 Nd6 69. Rc7+ Kh6 70. Ke3 Nb5 71. Rb7 Nd4 72. Re7 Rf3+ 73. Kd2 Rxg3 74. Bf1 Rg4 75. Rxe5 Nf3+ 0-1

[Event "GER-chT Christmas U20"]
[Site "Playchess.com INT"]
[Date "2020.12.29"]
[Round "3.1"]
[White "Werner, Tom"]
[Black "Keyser, Robin"]
[Result "0-1"]
[WhiteElo "1780"]
[BlackElo "2070"]
[PlyCount "88"]
[EventDate "2020.12.29"]
[EventType "team-swiss (blitz)"]
[EventRounds "7"]
[EventCountry "GER"]
[SourceTitle "CBM 200 Extra"]
[Source "ChessBase"]
[SourceDate "2021.03.31"]
[SourceVersion "1"]
[SourceVersionDate "2021.03.31"]
[SourceQuality "1"]
[WhiteTeam "Offenbach"]
[BlackTeam "Eppendorf Johanneum"]
[WhiteTeamCountry "GER"]
[BlackTeamCountry "GER"]

1. c4 g6 2. Nc3 Bg7 3. g3 e5 4. Bg2 d6 5. e3 Nc6 6. Nge2 f5 7. 0-0 Nf6 8. d4 0-0 9. a3 e4 10. b4 Kh8 11. Nf4 Ne7 12. Bb2 g5 13. Nh3 h6 14. f3 d5 15. fxe4 dxe4 16. Qe2 c6 17. Nf2 a5 18. Rad1 axb4 19. axb4 Qb6 20. b5 Be6 21. c5 Qd8 22. d5 cxd5 23. Ra1 Qc7 24. Na4 Rfc8 25. Bd4 Nd7 26. Rfc1 Ne5 27. Nb6 Rxa1 28. Rxa1 Rd8 29. Ra7 Nc8 30. Nxc8 Qxc8 31. Qa2 Nc4 32. Qa4 Bxd4 33. exd4 Bd7 34. Nd1 f4 35. Nc3 f3 36. Bf1 Ne3 37. Qa2 Bh3 38. Bxh3 Qxh3 39. Qf2 Ng4 40. Qd2 f2+ 41. Qxf2 Nxf2 42. Kxf2 Qxh2+ 43. Ke3 Qxg3+ 44. Kd2 Qd3+ 0-1

[Event "Hamburg-chT Landesliga 1920"]
[Site "Hamburg"]
[Date "2019.11.24"]
[Round "3.6"]
[White "Kuhle, Sebastian"]
[Black "Keyser, Robin"]
[Result "1/2-1/2"]
[WhiteElo "2028"]
[BlackElo "2027"]
[PlyCount "120"]
[EventDate "2019.09.29"]
[EventType "team-tourn"]
[EventRounds "9"]
[EventCountry "GER"]
[SourceTitle "EXT 2021"]
[Source "ChessBase"]
[SourceDate "2020.10.23"]
[SourceVersion "1"]
[SourceVersionDate "2020.10.23"]
[SourceQuality "1"]

1. c4 e6 2. g3 Nf6 3. Bg2 d5 4. Nf3 Be7 5. 0-0 0-0 6. b3 b6 7. Nc3 Bb7 8. d4 Nbd7 9. Bb2 c5 10. cxd5 Nxd5 11. Rc1 Rc8 12. Nxd5 Bxd5 13. Qd3 Nf6 14. dxc5 Bxc5 15. Qb1 h6 16. b4 Be7 17. b5 Be4 18. Rxc8 Qxc8 19. Qc1 Qb7 20. Qe3 Rc8 21. Rc1 Rxc1+ 22. Qxc1 Bd5 23. Ne1 Bxg2 24. Nxg2 Qd5 25. a4 Qb3 26. Qa1 Qc2 27. Kf1 Ne8 28. Ne3 Qe4 29. Ng2 Bf8 30. Qd1 Nc7 31. f3 Qb4 32. Qc2 Bc5 33. Qc3 Qxc3 34. Bxc3 Nd5 35. Bb2 f6 36. e4 Nc7 37. Ke2 Kf7 38. g4 Ne8 39. Kd3 Nd6 40. e5 Nb7 41. exf6 gxf6 42. h3 Bd6 43. Bd4 Bc5 44. Bc3 e5 45. Bd2 Bd4 46. Kc4 Ke6 47. Bb4 Bc5 48. Bxc5 Nxc5 49. a5 Nb7 50. axb6 axb6 51. Ne3 Nd6+ 52. Kb4 f5 53. gxf5+ Nxf5 54. Nc4 Nd4 55. Nxb6 Nxf3 56. Kc5 Nd4 57. Nc4 Nxb5 58. Kxb5 Kf5 59. Kc5 Kf4 60. Kd5 Kg3 1/2-1/2

[Event "Oberliga Nord N 1819"]
[Site "Germany"]
[Date "2019.03.24"]
[Round "8.6"]
[White "Keyser, Robin"]
[Black "Light, Bjarne"]
[Result "1-0"]
[WhiteElo "1999"]
[BlackElo "2182"]
[PlyCount "117"]
[EventDate "2018.10.21"]
[EventType "team-tourn"]
[EventRounds "9"]
[EventCountry "GER"]
[SourceTitle "EXT 2020"]
[Source "ChessBase"]
[SourceDate "2019.10.17"]
[SourceVersion "1"]
[SourceVersionDate "2019.10.17"]
[SourceQuality "1"]
[WhiteTeam "Johanneum Eppendorf"]
[BlackTeam "Preetz"]
[WhiteTeamCountry "GER"]
[BlackTeamCountry "GER"]

1. d4 e6 2. c4 f5 3. Nf3 Nf6 4. g3 Be7 5. Bg2 0-0 6. 0-0 d6 7. Nc3 Ne4 8. Qc2 Nxc3 9. Qxc3 Bf6 10. Qc2 e5 11. dxe5 dxe5 12. e4 f4 13. gxf4 exf4 14. Bxf4 Bxb2 15. Qxb2 Rxf4 16. Qe5 Qf8 17. Nd4 Rf7 18. Rad1 Nd7 19. Qg5 h6 20. Qg3 Nf6 21. e5 Nh5 22. Qe3 Nf4 23. e6 Re7 24. Nf5 Nxg2 25. Nxe7+ Qxe7 26. Kxg2 Bxe6 27. Rfe1 Re8 28. Rd4 Qg5+ 29. Qxg5 hxg5 30. Rde4 Kf7 31. Kg3 b6 32. a3 c5 33. R1e3 g6 34. Kf3 Bd7 35. Rxe8 Bxe8 36. Kg4 Bd7+ 37. Kxg5 Be6 38. Re4 Bf5 39. Rh4 Kg7 40. Kf4 Bd3 41. Ke5 Bf1 42. Kd5 Be2 43. Rh3 Bf1 44. Re3 Kf7 45. a4 Bg2+ 46. Kd6 Kf6 47. a5 Bf1 48. axb6 axb6 49. Kc6 Bxc4 50. Kxb6 Bf1 51. Kxc5 Kf5 52. Kd4 Bg2 53. Rg3 Bc6 54. h4 Ba4 55. Ke3 Bd1 56. Rg5+ Kf6 57. Kf4 Be2 58. Rc5 Bd3 59. Rc6+ 1-0

[Event "Oberliga Nord N 1819"]
[Site "Germany"]
[Date "2019.02.03"]
[Round "6.6"]
[White "Neumann, Michael"]
[Black "Keyser, Robin"]
[Result "1/2-1/2"]
[WhiteElo "2118"]
[BlackElo "1999"]
[PlyCount "35"]
[EventDate "2018.10.21"]
[EventType "team-tourn"]
[EventRounds "9"]
[EventCountry "GER"]
[SourceTitle "EXT 2020"]
[Source "ChessBase"]
[SourceDate "2019.10.17"]
[SourceVersion "1"]
[SourceVersionDate "2019.10.17"]
[SourceQuality "1"]
[WhiteTeam "Hamburg Diogenes"]
[BlackTeam "Johanneum Eppendorf"]
[WhiteTeamCountry "GER"]
[BlackTeamCountry "GER"]

1. e4 g6 2. d4 Bg7 3. Nc3 d6 4. Bg5 a6 5. Qd2 b5 6. Nf3 Nd7 7. a4 b4 8. Nd5 a5 9. Bc4 c6 10. Ne3 Nb6 11. Bb3 Nf6 12. Bxf6 Bxf6 13. 0-0 0-0 14. Rfd1 Bg7 15. c3 bxc3 16. bxc3 d5 17. e5 Bh6 18. Qa2 1/2-1/2

[Event "Youth District Germany"]
[Site "Wuerzburg"]
[Date "2018.10.04"]
[Round "3.3"]
[White "Lutz, Ruben"]
[Black "Keyser, Robin"]
[Result "1-0"]
[WhiteElo "2043"]
[BlackElo "1999"]
[PlyCount "65"]
[EventDate "2018.10.02"]
[EventType "team-swiss"]
[EventRounds "7"]
[EventCountry "GER"]
[SourceTitle "CBM 186 Extra"]
[Source "ChessBase"]
[SourceDate "2018.08.24"]
[SourceVersion "1"]
[SourceVersionDate "2018.08.24"]
[SourceQuality "1"]
[WhiteTeam "Sachsen U20 II"]
[BlackTeam "Hamburg U20"]
[WhiteTeamCountry "GER"]
[BlackTeamCountry "GER"]

1. d4 g6 2. Bf4 Bg7 3. e3 d6 4. Nf3 Nd7 5. h3 Ngf6 6. Be2 0-0 7. 0-0 b6 8. a4 a6 9. Nbd2 Bb7 10. c3 e6 11. Bh2 Qe7 12. b4 e5 13. Qb3 e4 14. Ne1 a5 15. Nc2 axb4 16. cxb4 c5 17. bxc5 dxc5 18. a5 Bd5 19. Bc4 Qe6 20. axb6 Rxa1 21. Rxa1 Nxb6 22. Bxd5 Nfxd5 23. Ra6 cxd4 24. Nxd4 Bxd4 25. exd4 Rc8 26. Be5 Rc6 27. Nxe4 f6 28. Nc5 Qe7 29. Rxb6 Rxb6 30. Qxd5+ Kg7 31. Bg3 Qe1+ 32. Kh2 Rb1 33. Ne6+ 1-0

[Event "Youth District Germany"]
[Site "Wuerzburg"]
[Date "2018.10.03"]
[Round "2.3"]
[White "Keyser, Robin"]
[Black "Noeldner, Julian"]
[Result "1-0"]
[WhiteElo "1999"]
[BlackElo "2024"]
[PlyCount "77"]
[EventDate "2018.10.02"]
[EventType "team-swiss"]
[EventRounds "7"]
[EventCountry "GER"]
[SourceTitle "CBM 186 Extra"]
[Source "ChessBase"]
[SourceDate "2018.08.24"]
[SourceVersion "1"]
[SourceVersionDate "2018.08.24"]
[SourceQuality "1"]
[WhiteTeam "Hamburg U20"]
[BlackTeam "Berlin U20"]
[WhiteTeamCountry "GER"]
[BlackTeamCountry "GER"]

1. d4 Nf6 2. c4 e6 3. g3 d5 4. Nf3 Be7 5. Bg2 0-0 6. 0-0 dxc4 7. Qc2 a6 8. Qxc4 b5 9. Qc2 Bb7 10. Bd2 Be4 11. Qc1 c6 12. Rd1 h6 13. Nc3 Bh7 14. Bf4 Nbd7 15. Ne5 Nxe5 16. dxe5 Nd5 17. h4 Qb6 18. Ne4 Rfd8 19. Nd6 Ra7 20. e4 Nxf4 21. Qxf4 Bf8 22. b4 Rad7 23. Rd2 c5 24. Qe3 Rc7 25. Rc1 a5 26. bxc5 Qc6 27. Bf1 Rb8 28. Rb2 b4 29. a3 Qa4 30. axb4 axb4 31. Qb3 Qc6 32. Qc4 b3 33. Rxb3 Rxb3 34. Qxb3 Bxe4 35. Qb8 Qd7 36. Nxe4 Rb7 37. c6 Qxc6 38. Qxf8+ Kxf8 39. Rxc6 1-0

[Event "Hamburg-ch MA"]
[Site "Hamburg"]
[Date "2018.05.27"]
[Round "9"]
[White "Kuberczyk, Christoph"]
[Black "Keyser, Robin"]
[Result "1/2-1/2"]
[WhiteElo "2244"]
[BlackElo "2084"]
[PlyCount "131"]
[EventDate "2018.05.01"]
[EventType "swiss"]
[EventRounds "9"]
[EventCountry "GER"]
[SourceTitle "EXT 2020"]
[Source "ChessBase"]
[SourceDate "2019.10.17"]
[SourceVersion "1"]
[SourceVersionDate "2019.10.17"]
[SourceQuality "1"]

1. d4 g6 2. Nf3 Bg7 3. c4 d6 4. g3 Nd7 5. Bg2 e5 6. 0-0 Ne7 7. dxe5 dxe5 8. Nc3 0-0 9. Qc2 c6 10. Rd1 Nf5 11. e3 Qc7 12. b3 Re8 13. Bb2 Nc5 14. b4 Na6 15. a3 Ne7 16. Rac1 Bf5 17. Qe2 Rad8 18. e4 Be6 19. Nd5 Bxd5 20. cxd5 Nb8 21. dxc6 Rxd1+ 22. Qxd1 bxc6 23. Qb3 Nc8 24. Bf1 Nd6 25. Qe3 Qb6 26. Qxb6 axb6 27. Re1 f6 28. a4 b5 29. axb5 cxb5 30. Ra1 Bf8 31. Ra8 Rd8 32. Nd2 Nc6 33. Rxd8 Nxd8 34. f3 Nc6 35. Bc3 Kg7 36. Kf2 Kf7 37. Ke3 Ke8 38. f4 Bh6 39. Kf3 Ke7 40. Nb1 Bg7 41. Bd3 f5 42. exf5 gxf5 43. Ke3 e4 44. Bxg7 exd3 45. Bc3 Ne4 46. Kxd3 Nf2+ 47. Ke2 Ne4 48. Be1 Nd4+ 49. Kf1 Nf3 50. Na3 Nxh2+ 51. Kg2 Ng4 52. Nxb5 Ne3+ 53. Kf3 Nc2 54. Bf2 Nxf2 55. Kxf2 Nxb4 56. Ke3 Kf6 57. Nc7 Nc2+ 58. Kd3 Nb4+ 59. Kd4 Nc2+ 60. Kc5 h5 61. Kd6 Nd4 62. Nd5+ Kg6 63. Ke5 Nf3+ 64. Ke6 Nd4+ 65. Ke5 Nf3+ 66. Ke6 1/2-1/2

[Event "Hamburg-ch MA"]
[Site "Hamburg"]
[Date "2018.05.23"]
[Round "5"]
[White "Goepfert, Jakob"]
[Black "Keyser, Robin"]
[Result "0-1"]
[WhiteElo "2117"]
[BlackElo "2084"]
[PlyCount "76"]
[EventDate "2018.05.01"]
[EventType "swiss"]
[EventRounds "9"]
[EventCountry "GER"]
[SourceTitle "EXT 2020"]
[Source "ChessBase"]
[SourceDate "2019.10.17"]
[SourceVersion "1"]
[SourceVersionDate "2019.10.17"]
[SourceQuality "1"]

1. d4 g6 2. Nf3 Bg7 3. e4 d6 4. Bc4 a6 5. a4 b6 6. 0-0 e6 7. Qe2 Nd7 8. Bg5 Ne7 9. Rd1 h6 10. Bh4 Bb7 11. Nc3 g5 12. Bg3 Ng6 13. Ra3 g4 14. Ne1 h5 15. f3 h4 16. Bf2 Nf4 17. Qe3 Bh6 18. fxg4 Nxg2 19. Qh3 Nf4 20. Qxh4 Qxh4 21. Bxh4 Ng6 22. Bg3 Nf6 23. d5 Nxg4 24. Be2 Be3+ 25. Kg2 N4e5 26. Nb5 axb5 27. Bxb5+ Ke7 28. Rxe3 Rag8 29. Kf1 exd5 30. exd5 f5 31. Nd3 f4 32. Nxf4 Nxf4 33. Bxf4 Rf8 34. Rd4 Rh4 35. Ree4 Bxd5 36. Ke2 Ke6 37. Rxd5 Kxd5 38. Ke3 Rh3+ 0-1

[Event "Hamburg CC Easter op 4th"]
[Site "Hamburg"]
[Date "2018.04.01"]
[Round "5"]
[White "Nedic, Dusan"]
[Black "Keyser, Robin"]
[Result "1/2-1/2"]
[WhiteElo "2333"]
[BlackElo "2026"]
[PlyCount "164"]
[EventDate "2018.03.30"]
[EventType "swiss"]
[EventRounds "7"]
[EventCountry "GER"]
[SourceTitle "CBM 183 Extra"]
[Source "ChessBase"]
[SourceDate "2018.04.19"]
[SourceVersion "1"]
[SourceVersionDate "2018.04.19"]
[SourceQuality "1"]

1. d4 g6 2. c4 Bg7 3. g3 d6 4. Bg2 Nd7 5. Nf3 e5 6. Nc3 Ne7 7. 0-0 0-0 8. e4 exd4 9. Nxd4 Nc6 10. Nce2 Nde5 11. Qc2 a5 12. a3 Nxd4 13. Nxd4 Qf6 14. h3 Be6 15. f4 Nc6 16. Nxe6 fxe6 17. c5 Qd4+ 18. Kh2 Qxc5 19. Qxc5 dxc5 20. e5 Ra6 21. Be3 Nd4 22. Rac1 b6 23. Bxd4 cxd4 24. Rxc7 Rd8 25. Rd1 b5 26. Bf1 Rb6 27. Kg2 a4 28. Kf3 b4 29. Bc4 bxa3 30. bxa3 Bf8 31. Rd3 Kh8 32. Ke4 Rb1 33. Bxe6 Re1+ 34. Kf3 Ra1 35. Rc4 Rxa3 36. Rxa3 Bxa3 37. Rxa4 Bb2 38. Rb4 Ba1 39. Rc4 d3 40. Rc8 Rxc8 41. Bxc8 d2 42. Ke2 Bc3 43. Bg4 Kg7 44. Kd3 Ba5 45. Ke4 Kf8 46. Bd1 Ke7 47. g4 Bd8 48. Kd5 Bb6 49. f5 gxf5 50. gxf5 Bd8 51. f6+ Kf7 52. Bh5+ Kf8 53. Kd6 h6 54. Ke6 Bb6 55. Kf5 Bd4 56. e6 Bc5 57. Ke4 Bb4 58. Kd3 Be7 59. f7 Bg5 60. Ke4 Kg7 61. Kf5 Be7 62. Bd1 Bd6 63. Bb3 Be7 64. Bc2 Bd6 65. Ba4 Be7 66. Ke5 Bf8 67. h4 Be7 68. h5 Bf8 69. Kd5 Kf6 70. Bb3 Ba3 71. Bd1 Be7 72. Bg4 Ba3 73. Bd1 Be7 74. Bb3 Ba3 75. Kc6 d1Q 76. Bxd1 Kxe6 77. Bb3+ Ke7 78. Bd5 Bb4 79. Kb5 Bd6 80. Kc4 Kf6 81. Kd4 Kg5 82. Bf3 Kf6 1/2-1/2

[Event "Hamburg HSK Christmas op 3rd"]
[Site "Hamburg"]
[Date "2017.12.29"]
[Round "5"]
[White "Keyser, Robin"]
[Black "Ertan, Can"]
[Result "0-1"]
[WhiteElo "2068"]
[BlackElo "2363"]
[PlyCount "26"]
[EventDate "2017.12.27"]
[EventType "swiss"]
[EventRounds "7"]
[EventCountry "GER"]
[SourceTitle "CBM 182 Extra"]
[Source "ChessBase"]
[SourceDate "2018.02.23"]
[SourceVersion "1"]
[SourceVersionDate "2018.02.23"]
[SourceQuality "1"]

1. d4 Nf6 2. c4 e6 3. g3 d5 4. Nf3 dxc4 5. Bg2 c5 6. 0-0 Nc6 7. Qa4 cxd4 8. Nxd4 Qxd4 9. Bxc6+ Bd7 10. Rd1 Bxc6 11. Qxc6+ bxc6 12. Rxd4 Rd8 13. Rxd8+ Kxd8 0-1

[Event "Hamburg HSK Christmas op 3rd"]
[Site "Hamburg"]
[Date "2017.12.27"]
[Round "2"]
[White "Souleidis, Georgios"]
[Black "Keyser, Robin"]
[Result "1/2-1/2"]
[WhiteElo "2401"]
[BlackElo "2068"]
[PlyCount "71"]
[EventDate "2017.12.27"]
[EventType "swiss"]
[EventRounds "7"]
[EventCountry "GER"]
[SourceTitle "CBM 182 Extra"]
[Source "ChessBase"]
[SourceDate "2018.02.23"]
[SourceVersion "1"]
[SourceVersionDate "2018.02.23"]
[SourceQuality "1"]

1. e4 c5 2. Be2 Nc6 3. f4 e6 4. Nf3 g6 5. 0-0 Bg7 6. c3 Nge7 7. d3 d5 8. Qe1 Rb8 9. Na3 b5 10. Nc2 b4 11. e5 h5 12. d4 cxd4 13. Ncxd4 0-0 14. Be3 Bd7 15. Bd3 Re8 16. Qe2 bxc3 17. bxc3 Bf8 18. Nb5 Nf5 19. Bxf5 exf5 20. a4 a6 21. Nbd4 Na5 22. Nd2 Qc8 23. Rfc1 Rb2 24. Qd3 Nc4 25. Nxc4 dxc4 26. Qf1 Qa8 27. Rcb1 Rxb1 28. Rxb1 Qe4 29. Re1 Bxa4 30. Qxc4 Bb5 31. Qc7 Bd3 32. Nf3 Qc4 33. Qd7 Qb5 34. Qc7 Qc4 35. Qd7 Qb5 36. Qc7 1/2-1/2

[Event "GER-ch U16"]
[Site "Willingen"]
[Date "2017.06.08"]
[Round "7"]
[White "Koellner, Aaron Noah"]
[Black "Keyser, Robin"]
[Result "0-1"]
[WhiteElo "1940"]
[BlackElo "2014"]
[PlyCount "96"]
[EventDate "2017.06.04"]
[EventType "swiss"]
[EventRounds "9"]
[EventCountry "GER"]
[SourceTitle "CBM 178 Extra"]
[Source "ChessBase"]
[SourceDate "2017.06.22"]
[SourceVersion "1"]
[SourceVersionDate "2017.06.22"]
[SourceQuality "1"]

1. Nf3 g6 2. d4 Bg7 3. Nbd2 d6 4. e4 a6 5. Bc4 e6 6. 0-0 Ne7 7. c3 Nd7 8. a4 b6 9. Re1 0-0 10. Nf1 Bb7 11. Ng3 c5 12. Bg5 h6 13. Bf4 cxd4 14. cxd4 d5 15. Bd3 dxe4 16. Nxe4 Nf5 17. Be5 Nxe5 18. dxe5 Nd4 19. Nxd4 Qxd4 20. Nd6 Bd5 21. Qe2 Rfd8 22. Bc4 Rxd6 23. exd6 Qxc4 24. Qxc4 Bxc4 25. Rac1 Bd5 26. d7 Rd8 27. Rc8 Bf6 28. Rec1 Kf8 29. b4 Ke7 30. R1c7 Rxd7 31. a5 bxa5 32. bxa5 Rxc7 33. Rxc7+ Ke8 34. Ra7 Bc4 35. Ra8+ Bd8 36. g4 Ke7 37. Ra7+ Kf6 38. h4 Bxa5 39. g5+ hxg5 40. hxg5+ Kg7 41. Kg2 Bd2 42. Rc7 Bd5+ 43. Kg3 Bxg5 44. Ra7 Bc4 45. f4 Bf6 46. Kh2 e5 47. fxe5 Bxe5+ 48. Kh3 Kf6 0-1

[Event "Hamburg-chT Landesliga 1617"]
[Site "Hamburg"]
[Date "2017.05.14"]
[Round "9.7"]
[White "Keyser, Robin"]
[Black "Kirschneck, Erich"]
[Result "1-0"]
[WhiteElo "1863"]
[BlackElo "2040"]
[PlyCount "107"]
[EventDate "2016.10.16"]
[EventType "team-tourn"]
[EventRounds "9"]
[EventCountry "GER"]
[SourceTitle "EXT 2022"]
[Source "ChessBase"]
[SourceDate "2021.10.06"]
[SourceVersion "1"]
[SourceVersionDate "2021.10.06"]
[SourceQuality "1"]
[WhiteTeam "Johanneum Eppendorf II"]
[BlackTeam "Eimsbuettel Union"]
[WhiteTeamCountry "GER"]
[BlackTeamCountry "GER"]

1. Nf3 c5 2. g3 Nc6 3. c4 d6 4. Bg2 Nf6 5. Nc3 e6 6. 0-0 Be7 7. d4 0-0 8. d5 exd5 9. cxd5 Nb8 10. Nd2 a6 11. a4 Nbd7 12. e4 Rb8 13. a5 b5 14. axb6 Nxb6 15. h3 Bb7 16. Qe2 Qc7 17. b3 Rfe8 18. Nc4 Bf8 19. Qd3 Nxc4 20. bxc4 Bc8 21. Bd2 g6 22. f4 Nd7 23. Rae1 Rb3 24. Qc2 Rb8 25. Nd1 Bg7 26. Bc3 Bd4+ 27. Nf2 Nb6 28. Qd3 Bd7 29. Rc1 Bxc3 30. Qxc3 Na4 31. Qa1 Rb3 32. Ng4 Reb8 33. Nf6+ Kf8 34. Nxh7+ Kg8 35. Nf6+ Kf8 36. Nxd7+ Qxd7 37. Qh8+ Ke7 38. Qh4+ Ke8 39. e5 Qe7 40. Qg4 Kd8 41. Rce1 Nb2 42. exd6 Qxd6 43. Qe2 Kd7 44. Rf3 R3b4 45. Re3 Kc7 46. Re7+ Kb6 47. Rxf7 Nxc4 48. Qa2 Rf8 49. Rxf8 Qxf8 50. Bf1 Qg7 51. Re6+ Kc7 52. Qf2 Qd4 53. Qxd4 cxd4 54. Rc6+ 1-0